Načítá se...
Maradona: the hand of god
| Hlavní autor: | |
|---|---|
| Médium: | Printed Book |
| Jazyk: | English |
| Vydáno: |
London:
Bloomsbury
2010.
|
| Témata: |
| LEADER | 00524nam a22001577a 4500 | ||
|---|---|---|---|
| 008 | 150930b xxu||||| |||| 00| 0 eng d | ||
| 020 | |a 9781408810620 | ||
| 082 | |a 796.334 | ||
| 100 | |a Burns, Jimmy | ||
| 245 | |a Maradona: the hand of god |c by Jimmy, Burns | ||
| 260 | |a London: |b Bloomsbury |c 2010. | ||
| 300 | |a 272p.: | ||
| 653 | |a Football | ||
| 942 | |c BK | ||
| 999 | |c 150366 |d 150366 | ||
| 952 | |0 0 |1 0 |4 0 |6 796_334000000000000_BUR_M |7 0 |9 160711 |a MCJ |b MCJ |c ST1 |d 2015-09-30 |i 2917 |l 5 |o 796.334 BUR/M |p MCJ2917 |r 2021-09-20 |s 2021-07-30 |w 2015-09-30 |y BK | ||